[Event "Saarland-ch B 89th"]
[Site "Stennweiler"]
[Date "2014.04.12"]
[Round "2"]
[White "Hoefer, Barbara"]
[Black "Wittenmayer, Kai"]
[Result "1-0"]
[WhiteElo "1275"]
[BlackElo "1161"]
[PlyCount "89"]
[EventDate "2014.04.11"]
[EventType "swiss"]
[EventRounds "9"]
[EventCountry "GER"]
[SourceTitle "EXT 2016"]
[Source "ChessBase"]
[SourceDate "2015.10.08"]
[SourceVersion "1"]
[SourceVersionDate "2015.10.08"]
[SourceQuality "1"]

1. e4 e6 2. Nf3 d5 3. exd5 exd5 4. d4 Bd6 5. Nc3 Ne7 6. h3 Be6 7. Bd3 Nbc6 8. Bg5 Qd7 9. a3 0-0-0 10. b4 h6 11. Be3 Rdg8 12. Bb5 g5 13. Nd2 f6 14. Nb3 g4 15. h4 g3 16. f3 f5 17. Nc5 Bxc5 18. bxc5 Rf8 19. f4 Qe8 20. Rb1 Bf7 21. Rb2 Ng6 22. Kd2 Qe6 23. Qf3 Rhg8 24. Rbb1 Qf6 25. h5 Nge7 26. Rbe1 Nxd4 27. Bxd4 Qxd4+ 28. Bd3 Qxc5 29. Re5 Qxa3 30. Bxf5+ Nxf5 31. Rxf5 Qc5 32. Re1 d4 33. Rxc5 dxc3+ 34. Rxc3 Rd8+ 35. Kc1 Bd5 36. Qf1 Rgf8 37. Rxg3 Rf5 38. Rge3 Rxh5 39. Re8 Rxe8 40. Rxe8+ Kd7 41. Qe2 Rh1+ 42. Kb2 a5 43. Rh8 Rh2 44. Qg4+ Kc6 45. Qg6+ 1-0